zpět

Detail výsledku týmu

Kaffečko, Jedovnice

Datum a čas kvízu

22.5 Celkem bodů Celkový počet nahraných bodů na tomto kvízu bez doplňovacích otázek.
4. Pořadí na kvízu Konečné umístění týmu na tomto kvízu.

Zaznamenané odpovědi

# Otázka Odpověď Body Výsledky
1. V sobotu se uskutečnila vzpomí... Panenské Břežany 0
2. Co neobvyklého přistálo ve čtv... C) kontejnerová loď 1
3. V pondělí nalezli francouzští... Jim Morrison 0
4. Kmen Marubo z Amazonského pral... C) na pornu 0
5. Jak se nazývá klub, který se v... Tottenham (Hotspur) 1
6. V tomto tématu se podíváme na... Robert Kennedy 0
7. Jak se jmenuje tento muž? Opět... Casey Affleck 0
8. Tentokrát nás zajímá příjmení... Hana Brejchová; Lásky jedné plavovlásky 0
9. Jak se jmenuje tento muž? Tent... Etzler; novinář 1
10. Napište jméno a příjmení tohot... Ralf Schumacher 0.5